[Event "XXXV Bosnia GM"]
[Site "Sarajevo BIH"]
[Date "2005.05.19"]
[Round "1"]
[White "Dizdarevic,E"]
[Black "Timofeev,Arty"]
[Result "1/2-1/2"]
[WhiteElo "2521"]
[BlackElo "2622"]
[EventDate "2005.05.19"]

1. d4 Nf6 2. Nf3 g6 3. Nbd2 d5 4. e3 Bg7 5. b4 O-O 6. c4 c6 7. Be2 Be6 8.
O-O a5 9. bxa5 Qxa5 10. Bb2 Qa4 11. Qxa4 Rxa4 12. Rfc1 dxc4 13. Bxc4 Bxc4
14. Rxc4 Ra7 15. a4 Nbd7 16. a5 Rfa8 17. Nb3 Ne4 18. Rd1 f6 19. Rc2 e6 20.
Ne1 Kf7 21. Nd3 Rd8 22. Kf1 Bf8 23. Ke2 Nd6 24. Ba3 Be7 25. Rb1 Rc8 26. Nd2
Ne8 27. Bxe7 Kxe7 28. Nb3 Nd6 29. Nb4 Nb8 30. Ra1 Na6 31. Nd3 Nc7 32. f3
Ndb5 33. e4 Rd8 34. Ke3 Na6 35. Nb2 Raa8 36. Nc4 Rac8 37. Nb6 Rc7 38. Ra4
Kf7 39. Rc1 e5 40. Rac4 Nd6 41. Ra4 Nb5 1/2-1/2

[Event "XXXV Bosnia GM"]
[Site "Sarajevo BIH"]
[Date "2005.05.19"]
[Round "1"]
[White "Predojevic,B"]
[Black "Eljanov,P"]
[Result "1/2-1/2"]
[WhiteElo "2549"]
[BlackElo "2641"]
[EventDate "2005.05.19"]

1. e4 d6 2. Nc3 Nf6 3. g3 e5 4. Bg2 Be7 5. Nge2 c6 6. O-O b5 7. a3 Nbd7 8.
h3 a5 9. g4 Ba6 10. Ng3 b4 11. Nce2 b3 12. d3 bxc2 13. Qxc2 O-O 14. Nf5 Re8
15. Neg3 Nc5 16. Rd1 Bf8 17. d4 exd4 18. Nxd4 Qb6 19. Be3 Nfd7 20. Ndf5 Qb8
21. b4 axb4 22. axb4 Qxb4 23. Rab1 Qa3 24. Rbc1 Bd3 25. Qc3 Red8 26. Nd4
Ne5 27. f4 Nc4 28. Bf2 Nb2 29. Qxa3 Rxa3 30. Rd2 Nc4 31. Rxd3 Nxd3 32. Rxc4
d5 33. exd5 cxd5 34. Rc2 Nxf4 35. Bf1 g6 36. Nde2 Nd3 37. Rc3 Nxf2 38. Kxf2
Rxc3 39. Nxc3 Bg7 40. Nce2 Be5 41. Nc1 f6 42. Nge2 Kf7 43. Nd3 Ke6 44. Bg2
Rb8 45. Ke3 Kd6 46. Bf3 Rb3 47. Bg2 Ra3 48. Bf3 f5 49. gxf5 gxf5 50. Bg2
Bg7 51. Nef4 Bh6 52. Kd4 Ra4+ 53. Ke3 Bxf4+ 54. Nxf4 d4+ 55. Kf2 Ra2+ 56.
Kf1 Rd2 57. Ke1 Rb2 58. Kf1 Rc2 59. Bf3 h6 60. Nd3 Rd2 61. Be2 Ra2 62. Kf2
Ra8 63. Kf3 Re8 64. Bf1 Ke6 65. Kf4 Kf6 66. Nc5 Rc8 67. Nd7+ Ke6 68. Bd3
1/2-1/2

[Event "XXXV Bosnia GM"]
[Site "Sarajevo BIH"]
[Date "2005.05.19"]
[Round "1"]
[White "Shirov,A"]
[Black "Movsesian,S"]
[Result "1-0"]
[WhiteElo "2714"]
[BlackElo "2628"]
[EventDate "2005.05.19"]

1. e4 c5 2. Nf3 Nc6 3. d4 cxd4 4. Nxd4 Qc7 5. Nc3 e6 6. Be3 a6 7. Qd2 Nf6
8. O-O-O b5 9. Bf4 Qb6 10. Nxc6 dxc6 11. e5 Nd5 12. Ne4 Ra7 13. h4 Rd7 14.
Bg3 c5 15. h5 h6 16. Rh4 c4 17. Nd6+ Bxd6 18. exd6 O-O 19. Rg4 f5 20. Qxh6
fxg4 21. Qxe6+ Rdf7 22. Qxd5 Qd8 23. b3 Qf6 24. bxc4 Qa1+ 25. Kd2 Qxa2 26.
Bd3 Qa5+ 27. Ke2 Bb7 28. Qe6 Bxg2 29. h6 Bf3+ 30. Kf1 bxc4 31. Bg6 Bxd1 32.
hxg7 Kxg7 33. Bxf7 Bxc2 34. Be5+ Kh7 35. Qe7 Qd8 36. Bg8+ Kg6 37. Bh7+ Kh5
38. Bxc2 Qxe7 39. dxe7 Re8 40. Bd6 1-0

[Event "XXXV Bosnia GM"]
[Site "Sarajevo BIH"]
[Date "2005.05.20"]
[Round "2"]
[White "Movsesian,S"]
[Black "Kozul,Z"]
[Result "1/2-1/2"]
[WhiteElo "2628"]
[BlackElo "2591"]
[EventDate "2005.05.19"]

1. e4 c5 2. Nf3 d6 3. d4 cxd4 4. Nxd4 Nf6 5. Nc3 Nc6 6. Bg5 e6 7. Qd2 a6 8.
O-O-O Bd7 9. f3 Rc8 10. Kb1 Be7 11. h4 h6 12. Be3 h5 13. Nxc6 Bxc6 14. Bg5
Qc7 15. Bd3 d5 16. exd5 Nxd5 17. Bxe7 Qxe7 18. Be4 Nxc3+ 19. Qxc3 O-O 20.
Bxc6 1/2-1/2

[Event "XXXV Bosnia GM"]
[Site "Sarajevo BIH"]
[Date "2005.05.20"]
[Round "2"]
[White "Eljanov,P"]
[Black "Shirov,A"]
[Result "1/2-1/2"]
[WhiteElo "2641"]
[BlackElo "2714"]
[EventDate "2005.05.19"]

1. d4 d5 2. c4 c6 3. Nf3 Nf6 4. e3 Bf5 5. Nc3 e6 6. Nh4 Bg6 7. Nxg6 hxg6 8.
Bd2 Nbd7 9. Be2 Bd6 10. cxd5 cxd5 11. Qb3 O-O 12. O-O Qb8 13. g3 a6 14. a4
Qa7 15. a5 Rac8 16. Rfc1 Rc6 17. Rc2 Rfc8 18. Rac1 Qb8 19. Na4 Ne4 20. Be1
Rxc2 21. Rxc2 Rxc2 22. Qxc2 Qf8 23. f3 Nef6 24. Qb3 Qb8 25. Qc2 Qf8 26. Qd2
e5 27. b4 Qe7 28. Nc5 exd4 29. exd4 Bxc5 30. dxc5 Nb8 31. Bf2 Nc6 32. b5
axb5 33. Bxb5 Qc7 34. a6 bxa6 35. Bxa6 d4 36. Bxd4 Nxd4 37. Qxd4 Nd7 38.
Qd6 1/2-1/2

[Event "XXXV Bosnia GM"]
[Site "Sarajevo BIH"]
[Date "2005.05.20"]
[Round "2"]
[White "Dizdarevic,E"]
[Black "Predojevic,B"]
[Result "1/2-1/2"]
[WhiteElo "2521"]
[BlackElo "2549"]
[EventDate "2005.05.19"]

1. d4 Nf6 2. Nf3 d5 3. e3 Bf5 4. c4 c6 5. Bd3 Bxd3 6. Qxd3 e6 7. O-O Bd6 8.
Nbd2 Nbd7 9. e4 dxe4 10. Nxe4 Nxe4 11. Qxe4 O-O 1/2-1/2

[Event "XXXV Bosnia GM"]
[Site "Sarajevo BIH"]
[Date "2005.05.21"]
[Round "3"]
[White "Shirov,A"]
[Black "Dizdarevic,E"]
[Result "1/2-1/2"]
[WhiteElo "2714"]
[BlackElo "2521"]
[EventDate "2005.05.19"]

1. e4 c6 2. d4 d5 3. e5 Bf5 4. Be3 e6 5. Nd2 Ne7 6. f4 Nd7 7. Ngf3 Qb6 8.
Nb3 Qc7 9. Be2 Bg4 10. h3 Bxf3 11. Bxf3 c5 12. c3 Nf5 13. Bf2 cxd4 14. cxd4
Bb4+ 15. Ke2 O-O 16. Qd3 Ne7 17. a3 Ba5 18. Rhc1 Nc6 19. Nxa5 Qxa5 20. f5
Qd8 21. Bg4 exf5 22. Bxf5 h6 23. Kf1 Re8 24. Kg1 Nf8 25. Be3 Ne7 26. Bg4
Qb6 27. Rf1 Neg6 28. Rf2 Re7 29. Raf1 Rae8 30. b4 Rc7 31. Bd1 Qe6 32. b5 a6
33. a4 axb5 34. Qxb5 Qc6 35. Qb3 Qc3 36. Rf3 Qxb3 37. Bxb3 Rd8 38. Bd2 Rdd7
39. Bb4 Ne6 40. Rd3 Rc8 41. a5 Ngf4 42. Rd2 Nxd4 43. Ba4 Nfe2+ 44. Kf2 Rdc7
45. Rb1 Rc4 46. g3 Nc1 1/2-1/2

[Event "XXXV Bosnia GM"]
[Site "Sarajevo BIH"]
[Date "2005.05.22"]
[Round "4"]
[White "Dizdarevic,E"]
[Black "Kozul,Z"]
[Result "1/2-1/2"]
[WhiteElo "2521"]
[BlackElo "2591"]
[EventDate "2005.05.19"]

1. d4 Nf6 2. Nf3 g6 3. Nbd2 Bg7 4. e4 d6 5. Bd3 O-O 6. O-O c5 7. c3 cxd4 8.
cxd4 Nc6 9. d5 Nb4 10. Bc4 Re8 11. a3 Na6 12. Rb1 Nc5 13. Re1 e6 14. b4
exd5 15. bxc5 dxc4 16. Nxc4 Nxe4 17. Nxd6 Nxd6 18. Rxe8+ Qxe8 19. cxd6 b5
20. Bb2 Bxb2 21. Rxb2 Bg4 22. Qd4 Qc6 23. h4 Bxf3 24. gxf3 Rd8 25. Rd2 Qxf3
26. Rd3 Qf5 27. d7 a5 28. f3 b4 29. axb4 axb4 30. Kg2 Qb5 31. Qd5 Qxd5 32.
Rxd5 Kf8 33. Rb5 Rxd7 34. Rxb4 Kg7 35. Rb5 Kh6 36. Kg3 f5 37. Rb4 Kh5 38.
Ra4 h6 39. Rb4 Ra7 40. Rc4 Ra3 41. Rf4 Ra5 42. Rb4 g5 43. hxg5 hxg5 44. Rb8
Ra3 45. Rh8+ Kg6 46. Rg8+ Kf6 47. Rf8+ Ke6 48. Kf2 Ra2+ 49. Kg3 f4+ 50. Kg4
Rg2+ 51. Kh5 Ke5 52. Ra8 Kd4 53. Ra3 Rg3 54. Rb3 Kc5 55. Rc3+ Kd4 56. Ra3
Kc4 57. Ra7 Kd3 58. Re7 Rg1 59. Re5 g4 60. fxg4 f3 61. Rf5 Ke3 62. g5 Rh1+
63. Kg4 f2 64. Rxf2 Kxf2 65. g6 Rg1+ 66. Kf5 Rxg6 1/2-1/2

[Event "XXXV Bosnia GM"]
[Site "Sarajevo BIH"]
[Date "2005.05.23"]
[Round "5"]
[White "Shirov,A"]
[Black "Timofeev,Arty"]
[Result "1/2-1/2"]
[WhiteElo "2714"]
[BlackElo "2622"]
[EventDate "2005.05.19"]

1. e4 c5 2. Nf3 Nc6 3. d4 cxd4 4. Nxd4 Nf6 5. Nc3 e5 6. Ndb5 d6 7. Bg5 a6
8. Na3 b5 9. Nd5 Be7 10. Bxf6 Bxf6 11. c3 O-O 12. Nc2 Rb8 13. h4 Be7 14. g3
Be6 15. Bg2 Qd7 16. O-O Bd8 17. Qd3 a5 18. Nce3 Ne7 19. Nxe7+ Bxe7 20. a3
Rfc8 21. Rfd1 g6 22. Rd2 Rc6 23. Nd5 Bd8 24. Rad1 Kg7 25. Kh2 Rc5 26. Qe3
Bxd5 27. Rxd5 Rxd5 28. Rxd5 b4 29. axb4 axb4 30. Qd2 bxc3 31. bxc3 Rb6 32.
c4 Be7 33. c5 Rc6 34. Rxe5 Qc7 35. cxd6 Rxd6 36. Qa2 Rc6 37. Ra5 Rc2 38.
Qa1+ Kh6 39. Ra2 Rxa2 40. Qxa2 Bxh4 1/2-1/2

[Event "XXXV Bosnia GM"]
[Site "Sarajevo BIH"]
[Date "2005.05.23"]
[Round "5"]
[White "Volokitin,And"]
[Black "Eljanov,P"]
[Result "1/2-1/2"]
[WhiteElo "2679"]
[BlackElo "2641"]
[EventDate "2005.05.19"]

1. e4 c5 2. Nf3 Nc6 3. d4 cxd4 4. Nxd4 Nf6 5. Nc3 e5 6. Ndb5 d6 7. Nd5 Nxd5
8. exd5 Nb8 9. c4 Be7 10. Be2 O-O 11. O-O a6 12. Nc3 Bf5 13. Be3 Nd7 14. b4
Rc8 15. Rc1 Bg5 16. Qd2 Bxe3 17. Qxe3 Qb6 18. a3 Qxe3 19. fxe3 Bg6 20. Na4
Be4 21. Rfd1 Rfd8 22. c5 dxc5 23. bxc5 Kf8 24. Bf3 Bxf3 25. gxf3 Ke8 26.
Kf2 Rc7 27. c6 bxc6 28. Rxc6 Rdc8 29. Rxa6 Rc2+ 30. Kg3 Re2 31. Rc6 Rc2 32.
Rxc8+ Rxc8 33. Rb1 Ra8 34. Rb4 Ra6 35. Kf2 Ke7 36. Ke2 f5 37. h4 h6 38. h5
Nf6 39. Rb7+ Kd6 40. Nc3 Nxd5 41. Nxd5 Kxd5 42. Rd7+ Kc4 43. Rc7+ Kd5 44.
Rxg7 Rxa3 45. Rf7 Ra2+ 46. Kf1 f4 47. exf4 Ke6 48. Rh7 exf4 49. Rxh6+ Kf5
50. Rc6 Kg5 51. Rc5+ Kh6 52. Kg1 Rb2 53. Rf5 Rc2 54. Rxf4 Kxh5 55. Rg4 Rb2
56. Rg8 Ra2 57. Kf1 Rb2 58. Rg2 Rxg2 59. Kxg2 Kg5 60. Kg3 1/2-1/2

[Event "XXXV Bosnia GM"]
[Site "Sarajevo BIH"]
[Date "2005.05.23"]
[Round "5"]
[White "Sokolov,I"]
[Black "Movsesian,S"]
[Result "0-1"]
[WhiteElo "2662"]
[BlackElo "2628"]
[EventDate "2005.05.19"]

1. d4 e6 2. c4 Bb4+ 3. Bd2 a5 4. Nc3 Nf6 5. Nf3 b6 6. Bg5 Bb7 7. e3 h6 8.
Bh4 g5 9. Bg3 Ne4 10. Qc2 d6 11. Nd2 f5 12. f3 Bxc3 13. bxc3 Nxg3 14. hxg3
Qf6 15. e4 f4 16. c5 dxc5 17. e5 Qg7 18. Bb5+ Nd7 19. Bxd7+ Kxd7 20. Ne4
Rad8 21. gxf4 gxf4 22. dxc5 Kc8 23. Nf6 Ba6 24. c4 Bxc4 25. g4 b5 26. Qe4
Bd5 27. Qxf4 Bc6 28. a4 b4 29. Qc4 Kb7 30. Rb1 Qg5 31. f4 Qg6 32. Ke2 Ka7
33. Rhd1 h5 34. f5 Qg5 35. Rxd8 Rxd8 36. Rd1 Rxd1 37. Kxd1 Qe3 0-1

[Event "XXXV Bosnia GM"]
[Site "Sarajevo BIH"]
[Date "2005.05.22"]
[Round "4"]
[White "Predojevic,B"]
[Black "Shirov,A"]
[Result "1/2-1/2"]
[WhiteElo "2549"]
[BlackElo "2714"]
[EventDate "2005.05.19"]

1. e4 c5 2. Nf3 d6 3. d4 cxd4 4. Nxd4 Nf6 5. Nc3 a6 6. Be3 e5 7. Nf3 Be7 8.
Bc4 O-O 9. O-O Be6 10. Bb3 Nc6 11. Bg5 Nd7 12. Bxe7 Qxe7 13. Qd2 Nc5 14.
Rad1 Rad8 15. Qe3 Nxb3 16. axb3 f5 17. Nd5 Qd7 18. Ng5 Nd4 19. Nxe6 Qxe6
20. c3 1/2-1/2

[Event "XXXV Bosnia GM"]
[Site "Sarajevo BIH"]
[Date "2005.05.25"]
[Round "6"]
[White "Timofeev,Arty"]
[Black "Movsesian,S"]
[Result "1-0"]
[WhiteElo "2622"]
[BlackElo "2628"]
[EventDate "2005.05.19"]

1. e4 c5 2. Nf3 Nc6 3. d4 cxd4 4. Nxd4 Qc7 5. Nc3 e6 6. g3 a6 7. Bg2 d6 8.
O-O Nf6 9. a4 Be7 10. Be3 O-O 11. f4 Na5 12. Kh1 Nc4 13. Bc1 Rd8 14. Qe2
Nd7 15. b3 Bf6 16. Qf2 Na5 17. Bb2 g6 18. f5 Re8 19. fxe6 fxe6 20. Nxe6
Rxe6 21. Nd5 Qc5 22. Nxf6+ Nxf6 23. Bd4 Qc7 24. Bxf6 Nc6 25. e5 dxe5 26.
Bxe5 Qe7 27. Bf6 Qe8 28. Bc3 Bd7 29. Bd5 Ne5 30. Rae1 Bc6 31. Rxe5 Rd8 32.
Bxc6 Qxc6+ 33. Kg1 1-0

[Event "XXXV Bosnia GM"]
[Site "Sarajevo BIH"]
[Date "2005.05.25"]
[Round "6"]
[White "Eljanov,P"]
[Black "Sokolov,I"]
[Result "1/2-1/2"]
[WhiteElo "2641"]
[BlackElo "2662"]
[EventDate "2005.05.19"]

1. d4 d5 2. c4 c6 3. Nf3 Nf6 4. e3 Bg4 5. h3 Bh5 6. cxd5 Bxf3 7. Qxf3 cxd5
8. Nc3 Nc6 9. Bd3 a6 10. O-O e6 11. Bd2 Be7 12. Qe2 O-O 13. Rac1 Rc8 14. f4
Na5 15. f5 Nc4 16. fxe6 fxe6 17. Be1 b5 18. Bg3 Qd7 19. b3 Na5 20. Nb1 Nc6
21. Nd2 Ba3 22. Rcd1 Bd6 23. Bh4 Rce8 24. a4 Nb4 25. axb5 Nxd3 26. Qxd3
Qxb5 27. Qxb5 axb5 28. Bxf6 Rxf6 29. Ra1 Rxf1+ 30. Kxf1 e5 31. Ra6 Bf8 32.
Rb6 exd4 33. exd4 b4 34. Kf2 g6 35. Rb5 Rc8 36. Rxd5 Rc2 37. Ke1 Bh6 38.
Ne4 Rxg2 39. Rd7 Bg7 40. d5 Rb2 41. Rd8+ Kf7 42. Rd7+ Kg8 43. d6 Rxb3 44.
Re7 Bd4 45. d7 Bb6 46. Nf6+ Kf8 47. Nd5 Rd3 48. Re8+ Kf7 49. Nxb6 Rxd7 50.
Nxd7 Kxe8 51. Nf6+ Kf7 52. Nxh7 b3 53. Kd2 Kg7 54. Ng5 Kh6 55. Nf3 Kh5 56.
Kc3 g5 57. Kxb3 g4 1/2-1/2

[Event "XXXV Bosnia GM"]
[Site "Sarajevo BIH"]
[Date "2005.05.26"]
[Round "7"]
[White "Kozul,Z"]
[Black "Timofeev,Arty"]
[Result "0-1"]
[WhiteElo "2591"]
[BlackElo "2622"]
[EventDate "2005.05.19"]

1. d4 d5 2. c4 e6 3. Nf3 c6 4. Qc2 Nf6 5. Nbd2 dxc4 6. Qxc4 b5 7. Qc2 Bb7
8. Nb3 Nbd7 9. Bd2 b4 10. e4 Rc8 11. e5 Nd5 12. Rc1 c5 13. dxc5 Bxc5 14.
Qe4 Qb6 15. Nxc5 Rxc5 16. Rxc5 Nxc5 17. Qg4 g6 18. Bc4 Ne7 19. O-O Nf5 20.
Re1 O-O 21. Bg5 h6 22. Bf6 Nd7 23. Bd3 Nxf6 24. exf6 Bxf3 25. Qxf3 Qd4 26.
Bxf5 exf5 27. Qc6 Qxb2 28. Qa6 g5 29. h3 Kh7 30. Qd6 Rg8 31. Re7 Qxa2 32.
Kh2 Kg6 33. Qxb4 Qxf2 34. Rxf7 Kxf7 35. Qe7+ Kg6 36. f7 Qf4+ 37. Kh1 Rb8
38. f8=N+ Kh5 39. Qf7+ Kh4 0-1

[Event "XXXV Bosnia GM"]
[Site "Sarajevo BIH"]
[Date "2005.05.26"]
[Round "7"]
[White "Volokitin,And"]
[Black "Predojevic,B"]
[Result "1/2-1/2"]
[WhiteElo "2679"]
[BlackElo "2549"]
[EventDate "2005.05.19"]

1. e4 e5 2. Nf3 d6 3. d4 exd4 4. Nxd4 Nf6 5. Nc3 Be7 6. g3 Nc6 7. Nde2 Ne5
8. Bg2 c6 9. f4 Ng6 10. h3 O-O 11. O-O Re8 12. Be3 Bf8 13. Qd2 b5 14. a3 a5
15. e5 dxe5 16. Qxd8 Rxd8 17. Bxc6 Bxh3 18. Bxa8 Bxf1 19. Rxf1 Ng4 1/2-1/2

[Event "XXXV Bosnia GM"]
[Site "Sarajevo BIH"]
[Date "2005.05.26"]
[Round "7"]
[White "Sokolov,I"]
[Black "Dizdarevic,E"]
[Result "1-0"]
[WhiteElo "2662"]
[BlackElo "2521"]
[EventDate "2005.05.19"]

1. d4 d5 2. c4 c6 3. Nf3 Nf6 4. Nc3 dxc4 5. a4 Bf5 6. e3 e6 7. Bxc4 Nbd7 8.
O-O Bb4 9. Qe2 O-O 10. e4 Bg4 11. Rd1 Qa5 12. h3 Bh5 13. e5 Nd5 14. Ne4 f6
15. g4 Bg6 16. exf6 N7xf6 17. Ng3 Kh8 18. Ne5 Be8 19. h4 Qc7 20. h5 Nd7 21.
Kg2 Bd6 22. Re1 c5 23. h6 N7b6 24. Bd3 cxd4 25. Qe4 Nf6 26. hxg7+ Qxg7 27.
Qxd4 Bxe5 28. Qxe5 Bc6+ 29. Kg1 Nbd7 30. Qg5 Qxg5 31. Bxg5 Nxg4 32. Rxe6
Nc5 33. Rxc6 bxc6 34. Bf5 Nf6 35. Rc1 Nfd7 36. Be3 Rxf5 37. Nxf5 Nxa4 38.
Rxc6 Kg8 39. Re6 Nab6 40. Re7 Rc8 1-0

[Event "XXXV Bosnia GM"]
[Site "Sarajevo BIH"]
[Date "2005.05.27"]
[Round "8"]
[White "Dizdarevic,E"]
[Black "Movsesian,S"]
[Result "0-1"]
[WhiteElo "2521"]
[BlackElo "2628"]
[EventDate "2005.05.19"]

1. d4 Nf6 2. Nf3 g6 3. Nbd2 Bg7 4. e4 d6 5. Bd3 O-O 6. O-O c5 7. d5 Na6 8.
Re1 Nc7 9. a4 e5 10. Rb1 Nfe8 11. b4 cxb4 12. Rxb4 f5 13. Ba3 b6 14. a5 Na6
15. Rb1 Nc5 16. axb6 axb6 17. Bxc5 bxc5 18. Ra1 Rxa1 19. Qxa1 Bh6 20. Rb1
Nf6 21. c4 g5 22. Qb2 g4 23. Ne1 Qa5 24. Nb3 Qb4 25. Nc2 Qb7 26. exf5 e4
27. Bf1 Bxf5 28. Na5 Qc7 29. Nc6 e3 30. Ra1 exf2+ 31. Kh1 Qf7 32. Ra7 Nd7
33. Ra3 Re8 34. Ra2 Re1 0-1

[Event "XXXV Bosnia GM"]
[Site "Sarajevo BIH"]
[Date "2005.05.27"]
[Round "8"]
[White "Shirov,A"]
[Black "Volokitin,And"]
[Result "1/2-1/2"]
[WhiteElo "2714"]
[BlackElo "2679"]
[EventDate "2005.05.19"]

1. e4 c5 2. Nf3 Nc6 3. d4 cxd4 4. Nxd4 Nf6 5. Nc3 e5 6. Ndb5 d6 7. Bg5 a6
8. Na3 b5 9. Nd5 Be7 10. Bxf6 Bxf6 11. c3 O-O 12. Nc2 Rb8 13. h4 Be7 14.
Qf3 Be6 15. Rd1 Qd7 16. Nce3 Bd8 17. g4 Ne7 18. h5 Bxd5 19. exd5 f5 20.
gxf5 Nxf5 21. Bh3 Nxe3 22. Qxf8+ Kxf8 23. Bxd7 Nxd1 24. Kxd1 b4 25. Kc2
bxc3 26. bxc3 Bg5 27. Bf5 h6 28. a4 a5 29. Rg1 Ke7 30. f3 Rf8 31. Be4 Rb8
32. Rg2 Kd7 33. Bf5+ Ke7 34. Kd3 Rb1 35. Kc4 Rb8 36. Re2 Bf4 37. Be4 Bc1
38. Rg2 Bg5 39. Re2 1/2-1/2

[Event "XXXV Bosnia GM"]
[Site "Sarajevo BIH"]
[Date "2005.05.27"]
[Round "8"]
[White "Predojevic,B"]
[Black "Sokolov,I"]
[Result "0-1"]
[WhiteElo "2549"]
[BlackElo "2662"]
[EventDate "2005.05.19"]

1. e4 e5 2. Nf3 Nc6 3. d4 exd4 4. Nxd4 Nf6 5. Nxc6 bxc6 6. e5 Qe7 7. Qe2
Nd5 8. c4 Ba6 9. b3 O-O-O 10. Bb2 f6 11. Qd2 Nb6 12. Be2 fxe5 13. O-O d5
14. cxd5 Bxe2 15. Qxe2 cxd5 16. a4 d4 17. Qa6+ Kb8 18. Na3 c5 19. Rfe1 Qb7
20. Qe2 Bd6 21. Nb5 Rhe8 22. Ba3 Bf8 23. Rac1 a6 24. Bxc5 Bxc5 25. Rxc5
axb5 26. Rxe5 Rxe5 27. Qxe5+ Ka8 28. Qxb5 d3 29. Rd1 Rd5 30. Qe8+ Qc8 31.
Qe4 Qc2 32. Rf1 Qxb3 33. a5 d2 34. Qe8+ Kb7 35. a6+ Kxa6 36. Qe2+ Qc4 0-1

[Event "XXXV Bosnia GM"]
[Site "Sarajevo BIH"]
[Date "2005.05.28"]
[Round "9"]
[White "Sokolov,I"]
[Black "Shirov,A"]
[Result "1-0"]
[WhiteElo "2662"]
[BlackElo "2714"]
[EventDate "2005.05.19"]

1. d4 d5 2. c4 c6 3. Nf3 Nf6 4. Nc3 e6 5. Bg5 dxc4 6. e4 b5 7. e5 h6 8. Bh4
g5 9. exf6 gxh4 10. Ne5 Qxf6 11. a4 Bb7 12. axb5 cxb5 13. Bxc4 a6 14. Nxb5
axb5 15. Bxb5+ Kd8 16. Rxa8 Bxa8 17. Qa4 Bd6 18. Nc4 Bc7 19. Qxa8 Qg5 20.
Qb7 Qc1+ 21. Ke2 Qxh1 22. Ne5 Qc1 23. Nxf7+ Ke7 24. Nxh8 Qxb2+ 25. Kf3 Qc3+
26. Kg4 Qxd4+ 27. Kh3 Qb6 28. Qc8 Qxb5 29. Qxc7+ Nd7 30. Ng6+ Kf6 31. Nxh4
Qd3+ 32. f3 Ne5 33. Qc1 Nf7 34. Qb2+ e5 35. Qb6+ Kg7 36. Kg3 Qc4 37. Qg6+
Kf8 38. Qf6 Kg8 39. Ng6 e4 40. Nf4 exf3 41. Ne6 1-0

[Event "XXXV Bosnia GM"]
[Site "Sarajevo BIH"]
[Date "2005.05.28"]
[Round "9"]
[White "Movsesian,S"]
[Black "Predojevic,B"]
[Result "1/2-1/2"]
[WhiteElo "2628"]
[BlackElo "2549"]
[EventDate "2005.05.19"]

1. e4 c5 2. Nc3 e6 3. Nf3 a6 4. d4 cxd4 5. Nxd4 Qc7 6. Be2 Nc6 7. O-O Nf6
8. Kh1 Be7 9. f4 d6 10. Be3 O-O 11. a4 Re8 12. Bd3 e5 13. Nde2 Bg4 14. Qe1
Nb4 15. Ng3 exf4 16. Bxf4 Qd7 17. Nd1 d5 18. e5 Nh5 19. Ne3 Nxd3 20. cxd3
Bh4 21. d4 Be6 22. Qf2 f6 23. exf6 Nxf6 24. Qc2 1/2-1/2

[Event "XXXV Bosnia GM"]
[Site "Sarajevo BIH"]
[Date "2005.05.28"]
[Round "9"]
[White "Eljanov,P"]
[Black "Dizdarevic,E"]
[Result "1/2-1/2"]
[WhiteElo "2641"]
[BlackElo "2521"]
[EventDate "2005.05.19"]

1. d4 d5 2. c4 c6 3. Nf3 Nf6 4. Nc3 dxc4 5. a4 Bf5 6. Ne5 Nbd7 7. Nxc4 Qc7
8. g3 e5 9. dxe5 Nxe5 10. Bf4 Nfd7 11. Qc1 Be6 12. Nxe5 Nxe5 13. Bg2 Qa5
14. O-O Rd8 15. Ne4 f6 16. Qc2 Bb4 17. Rac1 O-O 18. Nc5 Bxc5 19. Qxc5 Qxc5
20. Rxc5 b6 21. Rc3 c5 22. a5 Rd4 23. Re3 Rfd8 24. Bxe5 fxe5 25. Rxe5 Kf7
26. f4 1/2-1/2

[Event "XXXV Bosnia GM"]
[Site "Sarajevo BIH"]
[Date "2005.05.28"]
[Round "9"]
[White "Volokitin,And"]
[Black "Kozul,Z"]
[Result "1-0"]
[WhiteElo "2679"]
[BlackElo "2591"]
[EventDate "2005.05.19"]

1. e4 c5 2. Nf3 d6 3. d4 cxd4 4. Nxd4 Nf6 5. Nc3 Nc6 6. Bg5 e6 7. Qd2 a6 8.
O-O-O Bd7 9. f4 b5 10. Bxf6 gxf6 11. Kb1 Qb6 12. Nxc6 Bxc6 13. f5 h5 14.
fxe6 fxe6 15. Qf4 Qc5 16. Qxf6 Qe5 17. Qxe5 dxe5 18. a3 Bc5 19. Be2 Ke7 20.
h4 Bd4 21. Bf3 Bxc3 22. bxc3 Be8 23. Rd3 Rf8 24. Rhd1 Rf4 25. g3 Rf8 26.
Kb2 Rc8 27. Kb3 a5 28. R1d2 Rg8 29. Be2 a4+ 30. Kb2 Rc7 31. Re3 Rh8 32. Rd1
Rb7 33. Rg1 Rb8 34. Kc1 Bc6 35. g4 Rbg8 36. Reg3 hxg4 37. Rxg4 Rxg4 38.
Rxg4 Be8 39. h5 Kf6 40. Rg3 Rh7 41. Kd2 Bxh5 42. Bxb5 Bg6 43. Re3 Rh4 44.
Kd3 Rh1 45. c4 Rd1+ 46. Kc3 Rd4 47. Bc6 Ke7 48. Kb4 Kd6 49. Kb5 Bh5 50. c3
Rd2 51. Kb6 Ra2 52. c5+ Ke7 53. c4 Rb2+ 54. Bb5 Rb3 55. Re1 Be8 56. c6 Rxa3
57. c7 1-0